{"text_format":"3","workbook":"xlsx","n_sheets":1,"sheets":["Sheet1"],"read":"whole","date_system":"1900"}

{"sheet":"Sheet1","index":0,"n_rows":52,"n_cols":94,"rows_kept":52}
["选择列","物资唯一码（批次编码）","编制人中文","审批状态","审批状态描述","审批意见","需求物料编码","物料描述","物料扩展编码","物料扩展描述","大类描述","中类描述","小类描述","单位","工程电压等级","规格型号及技术参数","物料组","标准物料","需求数量","计划编号","行项目号","国网退回时间","省公司批准时间","市公司批准时间","省公司退回时间","市公司退回时间","计划批次","计划批次名称","招标模式","采购方式","紧急标识","计划类型","计划类型描述","项目编码","项目名称","工程编号","工程名称","工程性质","项目二级分类","项目二级分类描述","三级分类","三级分类描述","建设性质","可研批复文号","技术规范书编号","产权属性","产权属性描述","原始资产属性","资金属性","资金属性描述","市级属地","项目类型","项目类型描述","项目列帐单位编码","项目列帐单位描述","项目投运时间","概算单价（元）","概算总价（元）","交货日期","交货地点","平衡利库审批建议","物料冻结凭证号","物料冻结凭证年度","计划提交日期","计划编制日期","编制人","联系电话","分机号","需求计划备注","前期厂家","是否框架","框架类型","是否通过设计平台设计","是否典设","合同变更类型","合同草稿号","合同行项目","电子商务平台技术规范书ID","技术ID状态","仓管员(调入方)","联系电话(调入方)","物资唯一码(调出方)","工厂(调出方)","库存地点(调出方)","仓管员(调出方)","联系电话(调出方)","转储订单号","转储订单行项目","利库冻结库存","汇总人","审批人","物资部门备注原因","项目归并标识","上传状态"]
["false","2305H01249","杨兆勇","24","省-已审批-不平衡利库","","500002394","高压开关柜,AC35kV,馈线开关柜,小车式,1250A,31.5kA,真空","13","见物料描述","一次设备","开关柜（箱）","高压开关柜","台","35kV","","G1016001","1",{"v":1,"d":"1.000"},"14982296","40",null,"2023-07-04","2023-06-06",null,"2023-05-24","SG23D4","国家电网有限公司2023年第六十四批采购（输变电项目第四次变电设备单一来源采购）","总部直接组织实施","招标采购","","ZPA","JSEPC项目物资采购计划","1710B021004K","江苏淮安左庄～袁集左庄侧改接朱集变电站35千伏线路工程","1710B021004K0320000000","220千伏朱集变35千伏间隔扩建工程","变电","17","35KV项目","1701","35KV输变电项目","新建","淮供电发展〔2021〕88号","","02","省网","","01","资本性","淮安","01","基建项目","02H0","淮安供电公司/国网",null,{"v":175000,"d":"175,000.00"},{"v":175000,"d":"175,000.00"},"2023-12-30","施工现场车板交货","","","","2023-05-24","2023-05-17","13170898","13770385151","","","1000022883","","","","","","","0","D03R-500002394-00002","通过","","","","","","","","","0",{"v":0,"d":"0.000"},"许璐","丁一","","",""]
["false","2405H01866","薛建威","24","省-已审批-不平衡利库","","500103111","10kV干式电磁CT,600/5,0.5,5P,3,30,正立","4","5P30/0.5/0.2S级次组合,31.5kA,+40~-25℃,1000m,套管材质:环氧树脂浇注,适用如下变比:600/5","一次设备","交流电流互感器","电磁式电流互感器","台","35kV","","G1003001","2",{"v":3,"d":"3.000"},"15502559","10",null,"2024-09-19","2024-08-22","2024-08-22","2024-08-07","102405","国网江苏省电力有限公司2024年第五次物资招标采购","网省公司直接实施","招标采购","","ZPA","JSEPC项目物资采购计划","1710B021004Q","江苏淮安成集35千伏变电站改造工程","1710B021004Q0320000000","成集35千伏变电站改造工程","变电","17","35KV项目","1701","35KV输变电项目","增容","淮供电发展〔2021〕88号","","02","省网","","01","资本性","淮安","01","基建项目","02H0","淮安供电公司/国网",null,{"v":2327,"d":"2,327.00"},{"v":6981,"d":"6,981.00"},"2025-01-30","施工现场车板交货","","","","2024-08-22","2024-05-15","13176213","18915123805","","","","","","","","","","0","G00L-500103111-00005","通过","","","","","","","","","0",{"v":0,"d":"0.000"},"刘嫣然","丁一","","","成功"]
["false","2407H04810","王李","24","省-已审批-不平衡利库","","500163322","标识植入式电缆,AC10kV,YJV,400,3,22,ZC,无阻水,3m","1","标识植入式电缆,AC10kV,YJV,400,3,22,ZC,无阻水,3m，测温精度：±1℃","装置性材料","电缆","标识植入式电缆","千米","10kV","","G1404019","2",{"v":1.18,"d":"1.180"},"15655873","10",null,"2024-07-30","2024-07-28",null,"2024-07-28","102404","国网江苏省电力有限公司2024年第四次物资招标采购","网省公司直接实施","招标采购","","ZPA","JSEPC项目物资采购计划","1810B02400XA","江苏淮安淮阴区10kV丁集164线与10kV大西196线网架结构优化工程","1810B02400XA00A0000000","江苏淮安淮阴区10kV丁集164线与10kV大西196线网架结构优化工程","(空)","18","10KV（含20KV）及以下项目","1802","10KV（20KV）中低压配电建设与改造工程项目","改造","淮供电配网〔2024〕85号","","02","省网","","01","资本性","淮安","01","基建项目","02H0","淮安供电公司/国网",null,{"v":955452.07,"d":"955,452.07"},{"v":1127433.44,"d":"1,127,433.44"},"2024-12-01","材料站现场车板交货","","","","2024-07-28","2024-07-28","10611","15162768985","","","","","","","","","","0","G00L-500163322-00001","通过","","","","","","","","","0",{"v":0,"d":"0.000"},"胡卫利","丁一","","","成功"]
["false","2407H04811","王李","24","省-已审批-不平衡利库","","500163322","标识植入式电缆,AC10kV,YJV,400,3,22,ZC,无阻水,3m","1","标识植入式电缆,AC10kV,YJV,400,3,22,ZC,无阻水,3m，测温精度：±1℃","装置性材料","电缆","标识植入式电缆","千米","10kV","","G1404019","2",{"v":0.45,"d":"0.450"},"15655874","10",null,"2024-07-30","2024-07-28",null,"2024-07-28","102404","国网江苏省电力有限公司2024年第四次物资招标采购","网省公司直接实施","招标采购","","ZPA","JSEPC项目物资采购计划","1810B02400XB","江苏淮安淮阴区10kV蒋集145线与10kV渔沟142线网架结构优化工程","1810B02400XB00A0000000","江苏淮安淮阴区10kV蒋集145线与10kV渔沟142线网架结构优化工程","(空)","18","10KV（含20KV）及以下项目","1802","10KV（20KV）中低压配电建设与改造工程项目","新建","淮供电配网〔2024〕85号","","02","省网","","01","资本性","淮安","01","基建项目","02H0","淮安供电公司/国网",null,{"v":955452.07,"d":"955,452.07"},{"v":429953.43,"d":"429,953.43"},"2024-12-01","材料站现场车板交货","","","","2024-07-28","2024-07-28","10611","15162768985","","","","","","","","","","0","G00L-500163322-00001","通过","","","","","","","","","0",{"v":0,"d":"0.000"},"胡卫利","丁一","","","成功"]
["false","2408H02352","王远","23","省-已审批-平衡利库","","500142983","控制电缆,KVVP2,2.5,4,ZC,22","1","控制电缆,KVVP2,2.5,4,ZC,22","装置性材料","电缆","控制电缆","米","220kV","型号:KVVP2;截面mm2:2.5;芯数:4;防护特性:ZC;铠装形式:22","G1404003","1",{"v":700,"d":"700.000"},"15683889","70",null,"2024-10-12","2024-10-11",null,"2024-09-04","SG2411","国家电网有限公司2024年第八十五批采购（输变电项目第六次变电设备（含电缆）招标采购）","","招标采购","","ZPA","JSEPC项目物资采购计划","1510B0190018","江苏淮安上河500kV变电站220kV配电装置改造工程","1510B01900180220000000","黄塍220千伏变电站220千伏间隔改造工程","变电","15","220KV项目（交流）","1501","220KV输变电项目","改造","苏电发展可研批复[2020]18号","","01","国网","","01","资本性","淮安","01","基建项目","02H0","淮安供电公司/国网",null,17.25,{"v":12075,"d":"12,075.00"},"2025-04-17","材料站现场车板交货","应用平衡利库方案","4914149945","2024","2024-10-11","2024-08-22","13171245","13505235800","","","","","","","","","","0","9977-500142983-00003","通过","刘一林","13770368065","2303L02062","01L0","HLA2","纪熙根","13952840473","4300045033","10",{"v":700,"d":"700.000"},"曹楷","张勇","","",""]
["false","2411H04734","王远","24","省-已审批-不平衡利库","","500142974","控制电缆,KVVP2,2.5,10,ZC,22","1","控制电缆,KVVP2,2.5,10,ZC,22","装置性材料","电缆","控制电缆","米","220kV","","G1404003","1",{"v":7860,"d":"7,860.000"},"15846417","10",null,"2024-12-30","2024-12-10","2024-12-27","2024-12-09","SG2501","国家电网有限公司2025年第一批采购（输变电项目第一次变电设备（含电缆）招标采购）","总部直接组织实施","招标采购","","ZPA","JSEPC项目物资采购计划","1510B023000D","江苏淮安上河220kV变电站工程","1510B023000D0120000000","上河220千伏变电站新建工程","(空)","15","220KV项目（交流）","1501","220KV输变电项目","新建","2023201001202021000001","","01","国网","","01","资本性","淮安","01","基建项目","02H0","淮安供电公司/国网",null,{"v":34,"d":"34.00"},{"v":267240,"d":"267,240.00"},"2025-07-10","材料站现场车板交货","","","","2024-12-09","2024-11-21","13171245","13505235800","","","","","","","","","","0","9977-500142974-00004","通过","","","","","","","","","0",{"v":0,"d":"0.000"},"曹楷","丁一","","","成功"]
["false","2411H04742","王远","24","省-已审批-不平衡利库","","500143003","控制电缆,KVVP2,4,4,ZCN,22","1","控制电缆,KVVP2,4,4,ZCN,22","装置性材料","电缆","控制电缆","米","220kV","","G1404003","1",{"v":3780,"d":"3,780.000"},"15846417","90",null,"2024-12-30","2024-12-10","2024-12-27","2024-12-09","SG2501","国家电网有限公司2025年第一批采购（输变电项目第一次变电设备（含电缆）招标采购）","总部直接组织实施","招标采购","","ZPA","JSEPC项目物资采购计划","1510B023000D","江苏淮安上河220kV变电站工程","1510B023000D0120000000","上河220千伏变电站新建工程","(空)","15","220KV项目（交流）","1501","220KV输变电项目","新建","2023201001202021000001","","01","国网","","01","资本性","淮安","01","基建项目","02H0","淮安供电公司/国网",null,{"v":23,"d":"23.00"},{"v":86940,"d":"86,940.00"},"2025-07-10","材料站现场车板交货","","","","2024-12-09","2024-11-21","13171245","13505235800","","","","","","","","","","0","9977-500143003-00003","通过","","","","","","","","","0",{"v":0,"d":"0.000"},"曹楷","丁一","","","成功"]
["false","2406H01672","刘成","24","省-已审批-不平衡利库","","500142139","北斗终端,高精度定位","4","北斗终端，北斗记录仪","通信设备","数据通信网设备","北斗终端","台","无电压等级","","G1216010","2",{"v":52,"d":"52.000"},"15554928","10",null,"2024-07-30","2024-07-02",null,"2024-07-02","102404","国网江苏省电力有限公司2024年第四次物资招标采购","网省公司直接实施","招标采购","","ZPA","JSEPC项目物资采购计划","B110B0242SSN","国网淮安供电公司本部2024年安全工器具成本购置","B110B0242SSN00Z9700000","国网淮安供电公司本部2024年安全工器具成本购置","(空)","B1","生产方向","Z253","安全生产专项-安措购置","","","","02","省网","","02","成本性","淮安","B","专项成本性项目","02H0","淮安供电公司/国网",null,{"v":4500,"d":"4,500.00"},{"v":234000,"d":"234,000.00"},"2024-12-10","买方指定仓库车板交货","","","","2024-06-13","2024-06-13","13170511","15061219699","","","","","","","","","","0","G00L-500142139-00003","通过","","","","","","","","","0",{"v":0,"d":"0.000"},"胡卫利","丁一","","","成功"]
["false","2406H01673","刘成","25","省-退回","招标文件审查会后退回","500023145","安全帽,蓝","9","北斗高精度智能安全帽","工器具","登高、安全工具（不带电作业）","安全帽","个","无电压等级","","G2203015","2",{"v":175,"d":"175.000"},"15554928","20",null,"2024-08-01","2024-07-02","2024-08-09","2024-07-02","102404","国网江苏省电力有限公司2024年第四次物资招标采购","网省公司直接实施","招标采购","","ZPA","JSEPC项目物资采购计划","B110B0242SSN","国网淮安供电公司本部2024年安全工器具成本购置","B110B0242SSN00Z9700000","国网淮安供电公司本部2024年安全工器具成本购置","(空)","B1","生产方向","Z253","安全生产专项-安措购置","","","","02","省网","","02","成本性","淮安","B","专项成本性项目","02H0","淮安供电公司/国网",null,{"v":4950,"d":"4,950.00"},{"v":866250,"d":"866,250.00"},"2024-12-10","买方指定仓库车板交货","","","","2024-06-13","2024-06-13","13170511","15061219699","","","","","","","","","","0","G00L-500023145-00008","未通过","","","","","","","","","0",{"v":0,"d":"0.000"},"何晨","","","",""]
["false","2406H02083","何明成","25","省-退回","开标前取消招标","500141220","钢绞线,1×7-7.8-1270-A,35,镀锌","1","无","装置性材料","导、地线","钢绞线","吨","35kV","","G1402004","1",{"v":0.16,"d":"0.160"},"15563506","10","2024-09-05","2024-07-30","2024-07-02","2024-09-06","2024-07-02","102404","国网江苏省电力有限公司2024年第四次物资招标采购","网省公司直接实施","招标采购","","ZPA","JSEPC项目物资采购计划","1710B021004M","江苏淮安马庄35千伏变电站改造工程","1710B021004M0230000000","马庄35千伏变电站35千伏进线改造工程（架空）","(空)","17","35KV项目","1701","35KV输变电项目","改造","2023201002505021000009","","02","省网","","01","资本性","淮安","01","基建项目","02H0","淮安供电公司/国网",null,{"v":9411.91,"d":"9,411.91"},{"v":1505.91,"d":"1,505.91"},"2024-12-01","材料站现场车板交货","","","","2024-06-24","2024-06-17","8389","19851760016","","","","","","","","","","0","9999-500141220-00001","通过","","","","","","","","","0",{"v":0,"d":"0.000"},"何晨","","","","失败"]
["false","2406H02084","何明成","24","省-已审批-不平衡利库","","500074442","智能变电站辅助系统综合监控平台","23","见物料描述","智能变电站二次设备","智能变电站测控及在线监测系统","智能变电站辅助系统综合监控平台","套","35kV","","G2802003","1",{"v":1,"d":"1.000"},"15563139","10",null,"2024-07-30","2024-07-02",null,"2024-07-02","102404","国网江苏省电力有限公司2024年第四次物资招标采购","网省公司直接实施","招标采购","","ZPA","JSEPC项目物资采购计划","1710B021004M","江苏淮安马庄35千伏变电站改造工程","1710B021004M0120000000","马庄35千伏变电站改造工程","(空)","17","35KV项目","1701","35KV输变电项目","改造","2023201002505021000009","","02","省网","","01","资本性","淮安","01","基建项目","02H0","淮安供电公司/国网",null,{"v":65000,"d":"65,000.00"},{"v":65000,"d":"65,000.00"},"2024-12-01","施工现场车板交货","","","","2024-06-24","2024-06-17","8389","19851760016","","","","","","","","","","0","G00L-500074442-00458","通过","","","","","","","","","0",{"v":0,"d":"0.000"},"胡卫利","丁一","","","成功"]
["false","2406H02085","何明成","24","省-已审批-不平衡利库","","500010595","火灾报警系统","6","见物料描述","辅助设备设施","电力设施安全防护防盗、消防系统","火灾报警系统","套","35kV","","G1502005","2",{"v":1,"d":"1.000"},"15563139","20",null,"2024-07-30","2024-07-02",null,"2024-07-02","102404","国网江苏省电力有限公司2024年第四次物资招标采购","网省公司直接实施","招标采购","","ZPA","JSEPC项目物资采购计划","1710B021004M","江苏淮安马庄35千伏变电站改造工程","1710B021004M0120000000","马庄35千伏变电站改造工程","(空)","17","35KV项目","1701","35KV输变电项目","改造","2023201002505021000009","","02","省网","","01","资本性","淮安","01","基建项目","02H0","淮安供电公司/国网",null,{"v":35000,"d":"35,000.00"},{"v":35000,"d":"35,000.00"},"2024-12-01","施工现场车板交货","","","","2024-06-24","2024-06-17","8389","19851760016","","","","","","","","","","0","G00L-500010595-00247","通过","","","","","","","","","0",{"v":0,"d":"0.000"},"胡卫利","丁一","","","成功"]
["false","2406H03293","黄骏","15","市-退回","1","500117829","铁塔防坠落导轨装置,柔性导轨","15","见物料描述","工器具","登高、安全工具（不带电作业）","铁塔防坠落导轨装置","米","110kV","","G2203081","2",{"v":250,"d":"250.000"},"15584387","10",{"$nulls":4},"2024-06-22","102404","国网江苏省电力有限公司2024年第四次物资招标采购","网省公司直接实施","招标采购","","ZPA","JSEPC项目物资采购计划","1610B021002P","江苏淮安三圩110kV开关站新建工程","1610B021002P0130000000","朱坝~新御π入三圩开关站110千伏线路工程（架空）","线路","16","110（66）KV项目（交流）","1601","110KV输变电项目","新建","淮供电发展[2021]88号","","02","省网","","01","资本性","淮安","01","基建项目","02H0","淮安供电公司/国网",null,{"v":69.6,"d":"69.60"},{"v":17400,"d":"17,400.00"},"2024-12-01","施工现场车板交货","","","","2024-06-20","2024-06-20","4560","15050813014","","","","","","","","","","0","D03R-500117829-00002","","","","","","","","","","0",{"v":0,"d":"0.000"},"邱鹏","","","",""]
["false","2406H03377","尹华","15","市-退回","通过","500142357","变电站在线智能巡视系统,AC110kV","1","见物料描述","二次设备","运检监控系统","变电站在线智能巡视系统","套","110kV","","G1111009","2",{"v":1,"d":"1.000"},"15586187","10","2024-08-30","2024-08-26","2024-09-24","2024-09-13","2025-04-17","102503","国网江苏省电力有限公司2025年第三次物资公开招标采购","网省公司直接实施","招标采购","","ZPA","JSEPC项目物资采购计划","1610B021002N","江苏淮安左庄110千伏变电站改造工程","1610B021002N0120000000","左庄110千伏变电站改造工程","变电","16","110（66）KV项目（交流）","1601","110KV输变电项目","改造","淮供电发展〔2021〕206号","","02","省网","","01","资本性","淮安","01","基建项目","02H0","淮安供电公司/国网",null,{"v":1148600,"d":"1,148,600.00"},{"v":1148600,"d":"1,148,600.00"},"2025-07-10","施工现场车板交货","","","","2025-04-17","2024-06-20","13171471","13952366456","","","","","","","","","","0","G00L-500142357-00109","","","","","","","","","","0",{"v":0,"d":"0.000"},"金伟坚","","","","失败"]
["false","2406H03378","尹华","24","省-已审批-不平衡利库","","500074442","智能变电站辅助系统综合监控平台","23","见物料描述","智能变电站二次设备","智能变电站测控及在线监测系统","智能变电站辅助系统综合监控平台","套","110kV","","G2802003","1",{"v":1,"d":"1.000"},"15586187","20",null,"2024-07-30","2024-07-02",null,"2024-07-02","102404","国网江苏省电力有限公司2024年第四次物资招标采购","网省公司直接实施","招标采购","","ZPA","JSEPC项目物资采购计划","1610B021002N","江苏淮安左庄110千伏变电站改造工程","1610B021002N0120000000","左庄110千伏变电站改造工程","变电","16","110（66）KV项目（交流）","1601","110KV输变电项目","改造","淮供电发展〔2021〕206号","","02","省网","","01","资本性","淮安","01","基建项目","02H0","淮安供电公司/国网",null,{"v":836000,"d":"836,000.00"},{"v":836000,"d":"836,000.00"},"2024-12-01","施工现场车板交货","","","","2024-06-24","2024-06-20","13171471","13952366456","","","","","","","","","","0","G00L-500074442-00398","通过","","","","","","","","","0",{"v":0,"d":"0.000"},"胡卫利","丁一","","","成功"]
["false","2406H03379","尹华","24","省-已审批-不平衡利库","","500131048","智能锁具管理系统","1","见物料描述","辅助设备设施","电力设施安全防护防盗、消防系统","智能锁具管理系统","套","110kV","","G1502022","2",{"v":1,"d":"1.000"},"15586187","30",null,"2024-07-30","2024-07-02",null,"2024-07-02","102404","国网江苏省电力有限公司2024年第四次物资招标采购","网省公司直接实施","招标采购","","ZPA","JSEPC项目物资采购计划","1610B021002N","江苏淮安左庄110千伏变电站改造工程","1610B021002N0120000000","左庄110千伏变电站改造工程","变电","16","110（66）KV项目（交流）","1601","110KV输变电项目","改造","淮供电发展〔2021〕206号","","02","省网","","01","资本性","淮安","01","基建项目","02H0","淮安供电公司/国网",null,{"v":280000,"d":"280,000.00"},{"v":280000,"d":"280,000.00"},"2024-12-01","施工现场车板交货","","","","2024-06-24","2024-06-20","13171471","13952366456","","","","","","","","","","0","G00L-500131048-00033","通过","","","","","","","","","0",{"v":0,"d":"0.000"},"胡卫利","丁一","","","成功"]
["false","2406H04313","薛建威","15","市-退回","1","500084620","管状母线,铝镁硅合金,3150A","1","管状母线,铝镁硅合金,3150A。6063G-T10-Ф150/136","一次设备","母线","管状母线","米","110kV","","G1028002","2",{"v":30,"d":"30.000"},"15597832","10",{"$nulls":4},"2024-06-25","102404","国网江苏省电力有限公司2024年第四次物资招标采购","网省公司直接实施","招标采购","","ZPA","JSEPC项目物资采购计划","1610B021002H","江苏淮安红窑~薛桥110kV线路工程","1610B021002H0220000000","110千伏薛桥变110千伏间隔扩建工程","变电","16","110（66）KV项目（交流）","1601","110KV输变电项目","新建","淮供电发展〔2021〕88号","","02","省网","","01","资本性","淮安","01","基建项目","02H0","淮安供电公司/国网",null,454.26,{"v":13627.8,"d":"13,627.80"},"2024-12-01","施工现场车板交货","","","","2024-06-24","2024-06-24","13176213","19952302042","","","","","","","","","","0","G00L-500084620-00003","通过","","","","","","","","","0",{"v":0,"d":"0.000"},"邱鹏","","","",""]
["false","2406H04314","薛建威","15","市-退回","1","500060607","带电显示器,110kV","1","带电显示器,110kV","工器具","登高、安全工具（带电作业）","带电显示器","个","110kV","","G2202079","2",{"v":30,"d":"30.000"},"15597832","20",{"$nulls":4},"2024-06-25","102404","国网江苏省电力有限公司2024年第四次物资招标采购","网省公司直接实施","招标采购","","ZPA","JSEPC项目物资采购计划","1610B021002H","江苏淮安红窑~薛桥110kV线路工程","1610B021002H0220000000","110千伏薛桥变110千伏间隔扩建工程","变电","16","110（66）KV项目（交流）","1601","110KV输变电项目","新建","淮供电发展〔2021〕88号","","02","省网","","01","资本性","淮安","01","基建项目","02H0","淮安供电公司/国网",null,{"v":4177.61,"d":"4,177.61"},{"v":125328.3,"d":"125,328.30"},"2024-12-01","施工现场车板交货","","","","2024-06-24","2024-06-24","13176213","19952302042","","","","","","","","","","0","G00L-500060607-00001","通过","","","","","","","","","0",{"v":0,"d":"0.000"},"邱鹏","","","",""]
["false","2406H04315","薛建威","25","省退回","国招批次范围/国招批次范围/退回报国招批次","500142357","变电站在线智能巡视系统,AC110kV","1","见物料描述","二次设备","运检监控系统","变电站在线智能巡视系统","套","110kV","","G1111009","2",{"v":1,"d":"1.000"},"15597833","10","2024-08-30","2024-08-26","2024-12-30","2024-09-13","2024-12-24","102501","国网江苏省电力有限公司2025年第一次物资公开招标采购","网省公司直接实施","招标采购","","ZPA","JSEPC项目物资采购计划","1610B021003U","江苏淮安朱码变电站110kV改造工程","1610B021003U0120000000","朱码110千伏变电站改造工程","变电","16","110（66）KV项目（交流）","1601","110KV输变电项目","增容","淮供电发展〔2021〕206号","","02","省网","","01","资本性","淮安","01","基建项目","02H0","淮安供电公司/国网",null,{"v":1148600,"d":"1,148,600.00"},{"v":1148600,"d":"1,148,600.00"},"2025-06-10","施工现场车板交货","","","","2024-12-24","2024-06-24","13176213","18121656801","","","","","","","","","","0","G00L-500070883-00193","","","","","","","","","","0",{"v":0,"d":"0.000"},"","刘嫣然","","","失败"]
["false","2406H04593","曹昕瑀","15","市-退回","1","500138335","一二次融合成套环网箱,AC10kV,630A,环保气体,二进四出","9","紧凑型，2进，4出，环保气体绝缘，集中式DTU，进出线断路器，不锈钢外壳，不带应急接口，线路侧PT","一次设备","变电成套设备","一二次融合成套环网箱","套","10kV","","G1035004","1",{"v":1,"d":"1.000"},"15604085","10",{"$nulls":4},"2024-06-25","102404","国网江苏省电力有限公司2024年第四次物资招标采购","网省公司直接实施","招标采购","","ZPA","JSEPC项目物资采购计划","1810B023003Z","淮安本部110千伏山阳变10kV韩泰148线网架结构优化工程","1810B023003Z00A0000000","淮安本部110千伏山阳变10kV韩泰148线网架结构优化工程","(空)","18","10KV（含20KV）及以下项目","1802","10KV（20KV）中低压配电建设与改造工程项目","改造","淮供电发展〔2023〕161号","","02","省网","","01","资本性","淮安","01","基建项目","02H0","淮安供电公司/国网",null,{"v":36.6,"d":"36.60"},{"v":36.6,"d":"36.60"},"2024-12-01","买方指定仓库车板交货","","","","2024-06-24","2024-06-24","6309","18852323535","","","","","","","","","","0","G00L-500138335-00003","通过","","","","","","","","","0",{"v":0,"d":"0.000"},"邱鹏","","","",""]
["false","2406H04594","曹昕瑀","15","市-退回","1","500138335","一二次融合成套环网箱,AC10kV,630A,环保气体,二进四出","9","紧凑型，2进，4出，环保气体绝缘，集中式DTU，进出线断路器，不锈钢外壳，不带应急接口，线路侧PT","一次设备","变电成套设备","一二次融合成套环网箱","套","10kV","","G1035004","1",{"v":1,"d":"1.000"},"15604084","10",{"$nulls":4},"2024-06-25","102404","国网江苏省电力有限公司2024年第四次物资招标采购","网省公司直接实施","招标采购","","ZPA","JSEPC项目物资采购计划","1810B023003Y","淮安本部110千伏山阳变10kV青岛149线网架结构优化工程","1810B023003Y00A0000000","淮安本部110千伏山阳变10kV青岛149线网架结构优化工程","(空)","18","10KV（含20KV）及以下项目","1802","10KV（20KV）中低压配电建设与改造工程项目","改造","淮供电发展〔2023〕161号","","02","省网","","01","资本性","淮安","01","基建项目","02H0","淮安供电公司/国网",null,{"v":36.6,"d":"36.60"},{"v":36.6,"d":"36.60"},"2024-12-01","买方指定仓库车板交货","","","","2024-06-24","2024-06-24","6309","18852323535","","","","","","","","","","0","G00L-500138335-00003","通过","","","","","","","","","0",{"v":0,"d":"0.000"},"邱鹏","","","",""]
["false","2406H04601","黄骏","24","省-已审批-不平衡利库","","500023182","防坠落装置","1","见物料描述","工器具","登高、安全工具（不带电作业）","防坠落装置","套","110kV","","G2203033","2",{"v":1,"d":"1.000"},"15604281","10",null,"2024-07-30","2024-07-02",null,"2024-07-02","102404","国网江苏省电力有限公司2024年第四次物资招标采购","网省公司直接实施","招标采购","","ZPA","JSEPC项目物资采购计划","1610B021002P","江苏淮安三圩110kV开关站新建工程","1610B021002P0130000000","朱坝~新御π入三圩开关站110千伏线路工程（架空）","线路","16","110（66）KV项目（交流）","1601","110KV输变电项目","新建","淮供电发展[2021]88号","","02","省网","","01","资本性","淮安","01","基建项目","02H0","淮安供电公司/国网",null,{"v":30000,"d":"30,000.00"},{"v":30000,"d":"30,000.00"},"2024-12-01","施工现场车板交货","","","","2024-06-24","2024-06-24","4560","15050813014","","","","","","","","","","0","G00L-500023182-00133","通过","","","","","","","","","0",{"v":0,"d":"0.000"},"胡卫利","丁一","","","成功"]
["false","2406H04602","曹昕瑀","15","市-退回","1","500138335","一二次融合成套环网箱,AC10kV,630A,环保气体,二进四出","9","紧凑型，2进，4出，环保气体绝缘，集中式DTU，进出线断路器，不锈钢外壳，不带应急接口，线路侧PT","一次设备","变电成套设备","一二次融合成套环网箱","套","10kV","","G1035004","1",{"v":2,"d":"2.000"},"15605025","10",{"$nulls":4},"2024-06-25","102404","国网江苏省电力有限公司2024年第四次物资招标采购","网省公司直接实施","招标采购","","ZPA","JSEPC项目物资采购计划","1810B024A032","江苏淮安本部110千伏西郊变10kV磷肥129线与环城128线重过载治理切改工程","1810B024A03200A0000000","江苏淮安本部110千伏西郊变10kV磷肥129线与环城128线重过载治理切改工程","(空)","18","10KV（含20KV）及以下项目","1802","10KV（20KV）中低压配电建设与改造工程项目","改造","淮供电发展〔2023〕161号","","02","省网","","01","资本性","淮安","01","基建项目","02H0","淮安供电公司/国网",null,{"v":36.6,"d":"36.60"},{"v":73.2,"d":"73.20"},"2024-12-01","买方指定仓库车板交货","","","","2024-06-24","2024-06-24","6309","18852323535","","","","","","","","","","0","G00L-500138335-00003","通过","","","","","","","","","0",{"v":0,"d":"0.000"},"邱鹏","","","",""]
["false","2406H04603","曹昕瑀","15","市-退回","1","500138335","一二次融合成套环网箱,AC10kV,630A,环保气体,二进四出","9","紧凑型，2进，4出，环保气体绝缘，集中式DTU，进出线断路器，不锈钢外壳，不带应急接口，线路侧PT","一次设备","变电成套设备","一二次融合成套环网箱","套","20kV","","G1035004","1",{"v":5,"d":"5.000"},"15605024","10",{"$nulls":4},"2024-06-25","102404","国网江苏省电力有限公司2024年第四次物资招标采购","网省公司直接实施","招标采购","","ZPA","JSEPC项目物资采购计划","1810B024A00B","淮安本部10kV农业E73线001＃杆至007＃杆等线路综合性改造工程","1810B024A00B00A0000000","淮安本部10kV农业E73线001＃杆至007＃杆等线路综合性改造工程","(空)","18","10KV（含20KV）及以下项目","1802","10KV（20KV）中低压配电建设与改造工程项目","改造","苏电配网〔2023〕482号","","02","省网","","01","资本性","淮安","01","基建项目","02H0","淮安供电公司/国网",null,{"v":36.6,"d":"36.60"},{"v":183,"d":"183.00"},"2024-12-01","买方指定仓库车板交货","","","","2024-06-24","2024-06-24","6309","18852323535","","","","","","","","","","0","G00L-500138335-00003","通过","","","","","","","","","0",{"v":0,"d":"0.000"},"邱鹏","","","",""]
["false","2406H04604","曹昕瑀","15","市-退回","1","500138335","一二次融合成套环网箱,AC10kV,630A,环保气体,二进四出","9","紧凑型，2进，4出，环保气体绝缘，集中式DTU，进出线断路器，不锈钢外壳，不带应急接口，线路侧PT","一次设备","变电成套设备","一二次融合成套环网箱","套","20kV","","G1035004","1",{"v":2,"d":"2.000"},"15605022","10",{"$nulls":4},"2024-06-25","102404","国网江苏省电力有限公司2024年第四次物资招标采购","网省公司直接实施","招标采购","","ZPA","JSEPC项目物资采购计划","1810B024A007","淮安本部10kV港心E44线126＃-127＃杆线路绝缘化改造工程","1810B024A00700A0000000","淮安本部10kV港心E44线126＃-127＃杆线路绝缘化改造工程","(空)","18","10KV（含20KV）及以下项目","1802","10KV（20KV）中低压配电建设与改造工程项目","改造","苏电配网〔2023〕482号","","02","省网","","01","资本性","淮安","01","基建项目","02H0","淮安供电公司/国网",null,{"v":36.6,"d":"36.60"},{"v":73.2,"d":"73.20"},"2024-12-01","买方指定仓库车板交货","","","","2024-06-24","2024-06-24","6309","18852323535","","","","","","","","","","0","G00L-500138335-00003","通过","","","","","","","","","0",{"v":0,"d":"0.000"},"邱鹏","","","",""]
["false","2406H05131","曹昕瑀","25","省-退回","退回","500138335","一二次融合成套环网箱,AC10kV,630A,环保气体,二进四出","9","紧凑型，2进，4出，环保气体绝缘，集中式DTU，进出线断路器，不锈钢外壳，不带应急接口，线路侧PT","一次设备","变电成套设备","一二次融合成套环网箱","套","20kV","","G1035004","1",{"v":5,"d":"5.000"},"15613955","10",null,null,"2024-07-02","2024-07-09","2024-07-02","102404","国网江苏省电力有限公司2024年第四次物资招标采购","网省公司直接实施","招标采购","","ZPA","JSEPC项目物资采购计划","1810B024A00B","淮安本部10kV农业E73线001＃杆至007＃杆等线路综合性改造工程","1810B024A00B00A0000000","淮安本部10kV农业E73线001＃杆至007＃杆等线路综合性改造工程","(空)","18","10KV（含20KV）及以下项目","1802","10KV（20KV）中低压配电建设与改造工程项目","改造","苏电配网〔2023〕482号","","02","省网","","01","资本性","淮安","01","基建项目","02H0","淮安供电公司/国网",null,{"v":36.6,"d":"36.60"},{"v":183,"d":"183.00"},"2024-12-01","施工现场车板交货","","","","2024-06-25","2024-06-25","6309","18852323535","","","","","","","","","","0","G00L-500138335-00003","通过","","","","","","","","","0",{"v":0,"d":"0.000"},"刘嫣然","","","",""]
["false","2406H05132","曹昕瑀","25","省-退回","退回","500138335","一二次融合成套环网箱,AC10kV,630A,环保气体,二进四出","9","紧凑型，2进，4出，环保气体绝缘，集中式DTU，进出线断路器，不锈钢外壳，不带应急接口，线路侧PT","一次设备","变电成套设备","一二次融合成套环网箱","套","20kV","","G1035004","1",{"v":2,"d":"2.000"},"15613954","10",null,null,"2024-07-02","2024-07-09","2024-07-02","102404","国网江苏省电力有限公司2024年第四次物资招标采购","网省公司直接实施","招标采购","","ZPA","JSEPC项目物资采购计划","1810B024A007","淮安本部10kV港心E44线126＃-127＃杆线路绝缘化改造工程","1810B024A00700A0000000","淮安本部10kV港心E44线126＃-127＃杆线路绝缘化改造工程","(空)","18","10KV（含20KV）及以下项目","1802","10KV（20KV）中低压配电建设与改造工程项目","改造","苏电配网〔2023〕482号","","02","省网","","01","资本性","淮安","01","基建项目","02H0","淮安供电公司/国网",null,{"v":36.6,"d":"36.60"},{"v":73.2,"d":"73.20"},"2024-12-01","施工现场车板交货","","","","2024-06-25","2024-06-25","6309","18852323535","","","","","","","","","","0","G00L-500138335-00003","通过","","","","","","","","","0",{"v":0,"d":"0.000"},"刘嫣然","","","",""]
["false","2406H05133","曹昕瑀","25","省-退回","退回","500138335","一二次融合成套环网箱,AC10kV,630A,环保气体,二进四出","9","紧凑型，2进，4出，环保气体绝缘，集中式DTU，进出线断路器，不锈钢外壳，不带应急接口，线路侧PT","一次设备","变电成套设备","一二次融合成套环网箱","套","10kV","","G1035004","1",{"v":2,"d":"2.000"},"15613956","10",null,null,"2024-07-02","2024-07-09","2024-07-02","102404","国网江苏省电力有限公司2024年第四次物资招标采购","网省公司直接实施","招标采购","","ZPA","JSEPC项目物资采购计划","1810B024A032","江苏淮安本部110千伏西郊变10kV磷肥129线与环城128线重过载治理切改工程","1810B024A03200A0000000","江苏淮安本部110千伏西郊变10kV磷肥129线与环城128线重过载治理切改工程","(空)","18","10KV（含20KV）及以下项目","1802","10KV（20KV）中低压配电建设与改造工程项目","改造","淮供电发展〔2023〕161号","","02","省网","","01","资本性","淮安","01","基建项目","02H0","淮安供电公司/国网",null,{"v":36.6,"d":"36.60"},{"v":73.2,"d":"73.20"},"2024-12-01","施工现场车板交货","","","","2024-06-25","2024-06-25","6309","18852323535","","","","","","","","","","0","G00L-500138335-00003","通过","","","","","","","","","0",{"v":0,"d":"0.000"},"刘嫣然","","","",""]
["false","2406H05134","曹昕瑀","25","省-退回","退回","500138335","一二次融合成套环网箱,AC10kV,630A,环保气体,二进四出","9","紧凑型，2进，4出，环保气体绝缘，集中式DTU，进出线断路器，不锈钢外壳，不带应急接口，线路侧PT","一次设备","变电成套设备","一二次融合成套环网箱","套","10kV","","G1035004","1",{"v":1,"d":"1.000"},"15613951","10",null,null,"2024-07-02","2024-07-09","2024-07-02","102404","国网江苏省电力有限公司2024年第四次物资招标采购","网省公司直接实施","招标采购","","ZPA","JSEPC项目物资采购计划","1810B023003Y","淮安本部110千伏山阳变10kV青岛149线网架结构优化工程","1810B023003Y00A0000000","淮安本部110千伏山阳变10kV青岛149线网架结构优化工程","(空)","18","10KV（含20KV）及以下项目","1802","10KV（20KV）中低压配电建设与改造工程项目","改造","淮供电发展〔2023〕161号","","02","省网","","01","资本性","淮安","01","基建项目","02H0","淮安供电公司/国网",null,{"v":36.6,"d":"36.60"},{"v":36.6,"d":"36.60"},"2024-12-01","施工现场车板交货","","","","2024-06-25","2024-06-25","6309","18852323535","","","","","","","","","","0","G00L-500138335-00003","通过","","","","","","","","","0",{"v":0,"d":"0.000"},"刘嫣然","","","",""]
["false","2406H05135","曹昕瑀","25","省-退回","退回","500138335","一二次融合成套环网箱,AC10kV,630A,环保气体,二进四出","9","紧凑型，2进，4出，环保气体绝缘，集中式DTU，进出线断路器，不锈钢外壳，不带应急接口，线路侧PT","一次设备","变电成套设备","一二次融合成套环网箱","套","10kV","","G1035004","1",{"v":1,"d":"1.000"},"15613952","10",null,null,"2024-07-02","2024-07-09","2024-07-02","102404","国网江苏省电力有限公司2024年第四次物资招标采购","网省公司直接实施","招标采购","","ZPA","JSEPC项目物资采购计划","1810B023003Z","淮安本部110千伏山阳变10kV韩泰148线网架结构优化工程","1810B023003Z00A0000000","淮安本部110千伏山阳变10kV韩泰148线网架结构优化工程","(空)","18","10KV（含20KV）及以下项目","1802","10KV（20KV）中低压配电建设与改造工程项目","改造","淮供电发展〔2023〕161号","","02","省网","","01","资本性","淮安","01","基建项目","02H0","淮安供电公司/国网",null,{"v":36.6,"d":"36.60"},{"v":36.6,"d":"36.60"},"2024-12-01","施工现场车板交货","","","","2024-06-25","2024-06-25","6309","18852323535","","","","","","","","","","0","G00L-500138335-00003","通过","","","","","","","","","0",{"v":0,"d":"0.000"},"刘嫣然","","","",""]
["false","2407H00071","尹华","24","省-已审批-不平衡利库","","500119688","220kV导线悬垂通用,2XZ22S-4040-12P(H)-1D护","6","400/35","装置性材料","线路金具串","220kV导线悬垂通用","套","220kV","","G1411046","1",{"v":12,"d":"12.000"},"15627072","10",null,"2024-08-16","2024-08-06",null,"2024-07-22","2024SBDXY-05","2024年第五批输变电项目协议库存执行计划","国网协议库存实际需求","招标采购","","ZPA","JSEPC项目物资采购计划","1510B0220003","江苏淮安台华新材料项目220kV业扩配套工程","1510B02200030230000000","苏淮～台华220千伏线路工程（公司出资电气部分）","(空)","15","220KV项目（交流）","1501","220KV输变电项目","新建","2023201001402021000006","","01","国网","","01","资本性","淮安","01","基建项目","02H0","淮安供电公司/国网",null,{"v":1914,"d":"1,914.00"},{"v":22968,"d":"22,968.00"},"2024-10-23","材料站现场车板交货","","","","2024-07-22","2024-07-01","13171471","13952366456","","","","","","","","","","0","9977-500119680-00004","通过","","","","","","","","","0",{"v":0,"d":"0.000"},"胡卫利","沈祝园","","",""]
["false","2407H00072","尹华","24","省-已审批-不平衡利库","","500122779","交流盘形悬式瓷绝缘子,U160BP/155D,300,450","1","无","装置性材料","绝缘子","交流盘形悬式瓷绝缘子","片","220kV","","G1405025","1",{"v":980,"d":"980.000"},"15627072","20",null,"2024-08-16","2024-08-06",null,"2024-08-05","2024SBDXY-05","2024年第五批输变电项目协议库存执行计划","国网协议库存实际需求","招标采购","","ZPA","JSEPC项目物资采购计划","1510B0220003","江苏淮安台华新材料项目220kV业扩配套工程","1510B02200030230000000","苏淮～台华220千伏线路工程（公司出资电气部分）","(空)","15","220KV项目（交流）","1501","220KV输变电项目","新建","2023201001402021000006","","01","国网","","01","资本性","淮安","01","基建项目","02H0","淮安供电公司/国网",null,{"v":170,"d":"170.00"},{"v":166600,"d":"166,600.00"},"2024-12-04","材料站现场车板交货","","","","2024-08-05","2024-07-01","13171471","13952366456","","","","","","","","","","0","9999-500122779-00001","通过","","","","","","","","","0",{"v":0,"d":"0.000"},"胡卫利","沈祝园","","",""]
["false","2407H00073","尹华","24","省-已审批-不平衡利库","","500119185","保护金具-重锤片,FZC-15Y","2","见物料描述","装置性材料","金具","保护金具-重锤片","片","220kV","","G1407126","1",{"v":255,"d":"255.000"},"15627072","30",null,"2024-08-16","2024-08-06",null,"2024-07-31","2024SBDXY-05","2024年第五批输变电项目协议库存执行计划","国网协议库存实际需求","招标采购","","ZPA","JSEPC项目物资采购计划","1510B0220003","江苏淮安台华新材料项目220kV业扩配套工程","1510B02200030230000000","苏淮～台华220千伏线路工程（公司出资电气部分）","(空)","15","220KV项目（交流）","1501","220KV输变电项目","新建","2023201001402021000006","","01","国网","","01","资本性","淮安","01","基建项目","02H0","淮安供电公司/国网",null,{"v":153,"d":"153.00"},{"v":39015,"d":"39,015.00"},"2024-10-23","材料站现场车板交货","","","","2024-07-31","2024-07-01","13171471","13952366456","","","","","","","","","","0","9977-500119186-00001","通过","","","","","","","","","0",{"v":0,"d":"0.000"},"胡卫利","沈祝园","","",""]
["false","2407H01998","马文颖","24","省-已审批-不平衡利库","","500037244","35kV框架式并联电容器成套装置,10000/417,户外","2","额定电压：35KV； 额定容量：10000KVAR；单台容量：417KVAR；额定串联电抗器电抗率：5%；串联电抗器铁芯型式：干式空心；串联电抗器安装布置方式：一字型","一次设备","电力电容器","框架式并联电容器成套装置","套","220kV","","G1017008","1",{"v":3,"d":"3.000"},"15634672","10",null,"2024-07-07","2024-07-07",null,null,"SG2407","国家电网有限公司2024年第五十七批采购（输变电项目第四次变电设备（含电缆）招标采购）","总部直接组织实施","招标采购","","ZPA","JSEPC项目物资采购计划","2110B0240003","国网江苏淮安本部220kV关城变等35kV3号电容器组等35kV电容器组改造","2110B024000300B0000000","国网江苏淮安本部220kV关城变等35kV3号电容器组等35kV电容器组改造","(空)","21","电网一次技改项目","2101","变电","改造","2023203000501021000099","","01","国网","","01","资本性","淮安","02","技改项目","02H0","淮安供电公司/国网",null,{"v":241495,"d":"241,495.00"},{"v":724485,"d":"724,485.00"},"2025-01-03","买方指定仓库车板交货","","","","2024-07-07","2024-07-07","10197","13915192669","","","","","","","","","","0","9999-500057961-00001","通过","","","","","","","","","0",{"v":0,"d":"0.000"},"刘嫣然","丁一","","","成功"]
["false","2407H01999","何明成","15","市-退回","一轮0717","500022151","光缆接头盒,ADSS光缆用,24","11","ADSS，塔用","装置性材料","光缆附件","光缆接头盒","只","110kV","","G1409001","1",{"v":5,"d":"5.000"},"15634710","10",{"$nulls":4},"2024-07-17","2024SBDXY-05","2024年第五批输变电项目协议库存执行计划","国网协议库存实际需求","协议库存","","ZPA","JSEPC项目物资采购计划","1610B01900AS","江苏淮安盱眙变电站110千伏改造工程","1610B01900AS0120000000","110千伏盱眙变GIS改造工程","变电","16","110（66）KV项目（交流）","1602","110KV变电项目","增容","","","02","省网","","01","资本性","淮安","01","基建项目","02H0","淮安供电公司/国网",null,{"v":279,"d":"279.00"},{"v":1395,"d":"1,395.00"},"2024-10-19","材料站现场车板交货","","","","2024-07-08","2024-07-08","8389","19851760016","","","","","","","","","","0","9977-500022151-00001","通过","","","","","","","","","0",{"v":0,"d":"0.000"},"邱鹏","","","",""]
["false","2407H02000","何明成","15","市-退回","一轮0717","500022151","光缆接头盒,ADSS光缆用,24","14","ADSS，普通杆用（杆径≤450mm）","装置性材料","光缆附件","光缆接头盒","只","110kV","","G1409001","1",{"v":1,"d":"1.000"},"15634710","20",{"$nulls":4},"2024-07-17","2024SBDXY-05","2024年第五批输变电项目协议库存执行计划","国网协议库存实际需求","协议库存","","ZPA","JSEPC项目物资采购计划","1610B01900AS","江苏淮安盱眙变电站110千伏改造工程","1610B01900AS0120000000","110千伏盱眙变GIS改造工程","变电","16","110（66）KV项目（交流）","1602","110KV变电项目","增容","","","02","省网","","01","资本性","淮安","01","基建项目","02H0","淮安供电公司/国网",null,{"v":279,"d":"279.00"},{"v":279,"d":"279.00"},"2024-10-19","材料站现场车板交货","","","","2024-07-08","2024-07-08","8389","19851760016","","","","","","","","","","0","9977-500022151-00002","通过","","","","","","","","","0",{"v":0,"d":"0.000"},"邱鹏","","","",""]
["false","2407H02001","何明成","15","市-退回","一轮0717","500141075","光缆卡具,ADSS光缆用,普通杆用","1","ADSS，普通杆用（杆径≤450mm）","装置性材料","光缆附件","光缆卡具","付","110kV","","G1409007","1",{"v":12,"d":"12.000"},"15634710","30",{"$nulls":4},"2024-07-17","2024SBDXY-05","2024年第五批输变电项目协议库存执行计划","国网协议库存实际需求","协议库存","","ZPA","JSEPC项目物资采购计划","1610B01900AS","江苏淮安盱眙变电站110千伏改造工程","1610B01900AS0120000000","110千伏盱眙变GIS改造工程","变电","16","110（66）KV项目（交流）","1602","110KV变电项目","增容","","","02","省网","","01","资本性","淮安","01","基建项目","02H0","淮安供电公司/国网",null,{"v":28,"d":"28.00"},{"v":336,"d":"336.00"},"2024-10-19","材料站现场车板交货","","","","2024-07-08","2024-07-08","8389","19851760016","","","","","","","","","","0","9977-500022151-00002","通过","","","","","","","","","0",{"v":0,"d":"0.000"},"邱鹏","","","",""]
["false","2407H02002","何明成","15","市-退回","一轮0717","500141100","光缆卡具,ADSS光缆用,塔用","1","ADSS，塔用","装置性材料","光缆附件","光缆卡具","付","110kV","","G1409007","1",{"v":15,"d":"15.000"},"15634710","40",{"$nulls":4},"2024-07-17","2024SBDXY-05","2024年第五批输变电项目协议库存执行计划","国网协议库存实际需求","协议库存","","ZPA","JSEPC项目物资采购计划","1610B01900AS","江苏淮安盱眙变电站110千伏改造工程","1610B01900AS0120000000","110千伏盱眙变GIS改造工程","变电","16","110（66）KV项目（交流）","1602","110KV变电项目","增容","","","02","省网","","01","资本性","淮安","01","基建项目","02H0","淮安供电公司/国网",null,{"v":25,"d":"25.00"},{"v":375,"d":"375.00"},"2024-10-19","材料站现场车板交货","","","","2024-07-08","2024-07-08","8389","19851760016","","","","","","","","","","0","9977-500022151-00001","通过","","","","","","","","","0",{"v":0,"d":"0.000"},"邱鹏","","","",""]
["false","2407H02003","何明成","15","市-退回","一轮0717","500124883","光缆耐张串,40kN,ADSS用单线夹,非绝缘,11.7/12.8","4","ADSS，防振金具线夹夹头型式为预绞丝式","装置性材料","光缆附件","光缆耐张串","套","110kV","","G1409005","1",{"v":5,"d":"5.000"},"15634710","50",{"$nulls":4},"2024-07-17","2024SBDXY-05","2024年第五批输变电项目协议库存执行计划","国网协议库存实际需求","协议库存","","ZPA","JSEPC项目物资采购计划","1610B01900AS","江苏淮安盱眙变电站110千伏改造工程","1610B01900AS0120000000","110千伏盱眙变GIS改造工程","变电","16","110（66）KV项目（交流）","1602","110KV变电项目","增容","","","02","省网","","01","资本性","淮安","01","基建项目","02H0","淮安供电公司/国网",null,{"v":60,"d":"60.00"},{"v":300,"d":"300.00"},"2024-10-19","材料站现场车板交货","","","","2024-07-08","2024-07-08","8389","19851760016","","","","","","","","","","0","9977-500124899-00001","通过","","","","","","","","","0",{"v":0,"d":"0.000"},"邱鹏","","","",""]
["false","2407H02004","何明成","15","市-退回","一轮0717","500124883","光缆耐张串,40kN,ADSS用单线夹,非绝缘,11.7/12.8","6","ADSS，防振金具，防振鞭","装置性材料","光缆附件","光缆耐张串","套","110kV","","G1409005","1",{"v":5,"d":"5.000"},"15634710","60",{"$nulls":4},"2024-07-17","2024SBDXY-05","2024年第五批输变电项目协议库存执行计划","国网协议库存实际需求","协议库存","","ZPA","JSEPC项目物资采购计划","1610B01900AS","江苏淮安盱眙变电站110千伏改造工程","1610B01900AS0120000000","110千伏盱眙变GIS改造工程","变电","16","110（66）KV项目（交流）","1602","110KV变电项目","增容","","","02","省网","","01","资本性","淮安","01","基建项目","02H0","淮安供电公司/国网",null,{"v":60,"d":"60.00"},{"v":300,"d":"300.00"},"2024-10-19","材料站现场车板交货","","","","2024-07-08","2024-07-08","8389","19851760016","","","","","","","","","","0","9977-500124899-00003","通过","","","","","","","","","0",{"v":0,"d":"0.000"},"邱鹏","","","",""]
["false","2407H02005","何明成","15","市-退回","一轮0717","500022170","光缆余缆架","26","ADSS，塔用","装置性材料","光缆附件","光缆余缆架","付","110kV","","G1409003","1",{"v":5,"d":"5.000"},"15634710","70",{"$nulls":4},"2024-07-17","2024SBDXY-05","2024年第五批输变电项目协议库存执行计划","国网协议库存实际需求","协议库存","","ZPA","JSEPC项目物资采购计划","1610B01900AS","江苏淮安盱眙变电站110千伏改造工程","1610B01900AS0120000000","110千伏盱眙变GIS改造工程","变电","16","110（66）KV项目（交流）","1602","110KV变电项目","增容","","","02","省网","","01","资本性","淮安","01","基建项目","02H0","淮安供电公司/国网",null,{"v":144,"d":"144.00"},{"v":720,"d":"720.00"},"2024-10-19","材料站现场车板交货","","","","2024-07-08","2024-07-08","8389","19851760016","","","","","","","","","","0","9977-500022151-00001","通过","","","","","","","","","0",{"v":0,"d":"0.000"},"邱鹏","","","",""]
["false","2407H02006","何明成","24","省-已审批-不平衡利库","","500022170","光缆余缆架","34","OPGW，普通杆用（杆径≤450mm）","装置性材料","光缆附件","光缆余缆架","付","110kV","","G1409003","1",{"v":1,"d":"1.000"},"15634710","80",null,"2024-08-26","2024-08-06",null,"2024-07-22","SG2410","国家电网有限公司2024年第七十一批采购（输变电项目第五次线路装置性材料招标采购）","总部直接组织实施","协议库存","","ZPA","JSEPC项目物资采购计划","1610B01900AS","江苏淮安盱眙变电站110千伏改造工程","1610B01900AS0120000000","110千伏盱眙变GIS改造工程","变电","16","110（66）KV项目（交流）","1602","110KV变电项目","增容","","","02","省网","","01","资本性","淮安","01","基建项目","02H0","淮安供电公司/国网",null,{"v":173,"d":"173.00"},{"v":173,"d":"173.00"},"2025-03-03","材料站现场车板交货","","","","2024-07-22","2024-07-08","8389","19851760016","","","","","","","","","","0","9977-500022145-00005","通过","","","","","","","","","0",{"v":0,"d":"0.000"},"曹楷","丁一","","","成功"]
["false","2407H02007","何明成","15","市-退回","一轮0717","500124886","光缆耐张串,40kN,ADSS用单线夹,非绝缘,12.9/14.1","7","ADSS，防振金具线夹夹头型式为线夹式","装置性材料","光缆附件","光缆耐张串","套","110kV","","G1409005","1",{"v":1,"d":"1.000"},"15634710","90",{"$nulls":4},"2024-07-17","2024SBDXY-05","2024年第五批输变电项目协议库存执行计划","国网协议库存实际需求","协议库存","","ZPA","JSEPC项目物资采购计划","1610B01900AS","江苏淮安盱眙变电站110千伏改造工程","1610B01900AS0120000000","110千伏盱眙变GIS改造工程","变电","16","110（66）KV项目（交流）","1602","110KV变电项目","增容","","","02","省网","","01","资本性","淮安","01","基建项目","02H0","淮安供电公司/国网",null,{"v":72,"d":"72.00"},{"v":72,"d":"72.00"},"2024-10-19","材料站现场车板交货","","","","2024-07-08","2024-07-08","8389","19851760016","","","","","","","","","","0","9977-500124899-00002","通过","","","","","","","","","0",{"v":0,"d":"0.000"},"邱鹏","","","",""]
["false","2407H02008","何明成","24","省-已审批-不平衡利库","","500083132","OPGW光缆,24芯,G.652,120/74/110,铝包钢","2","OPGW光缆，不含金具","装置性材料","光缆","OPGW光缆","千米","110kV","","G1403006","1",{"v":0.22,"d":"0.220"},"15634710","100",null,"2024-08-26","2024-08-07","2024-08-07","2024-07-22","SG2410","国家电网有限公司2024年第七十一批采购（输变电项目第五次线路装置性材料招标采购）","总部直接组织实施","协议库存","","ZPA","JSEPC项目物资采购计划","1610B01900AS","江苏淮安盱眙变电站110千伏改造工程","1610B01900AS0120000000","110千伏盱眙变GIS改造工程","变电","16","110（66）KV项目（交流）","1602","110KV变电项目","增容","","","02","省网","","01","资本性","淮安","01","基建项目","02H0","淮安供电公司/国网",null,{"v":10949,"d":"10,949.00"},{"v":2408.78,"d":"2,408.78"},"2025-03-03","材料站现场车板交货","","","","2024-08-07","2024-07-08","8389","19851760016","","","","","","","","","","0","9999-500083132-00001","通过","","","","","","","","","0",{"v":0,"d":"0.000"},"曹楷","丁一","","","成功"]
["false","2407H02134","黄骏","24","省-已审批-不平衡利库","","500142990","控制电缆,KVVP2,2.5,19,ZC,22","1","控制电缆,KVVP2,2.5,19,ZC,22","装置性材料","电缆","控制电缆","米","110kV","","G1404003","1",{"v":1000,"d":"1,000.000"},"15635719","10",null,"2024-08-26","2024-08-06",null,"2024-07-22","SG2409","国家电网有限公司2024年第六十九批采购（输变电项目第五次变电设备（含电缆）招标采购）","总部直接组织实施","招标采购","","ZPA","JSEPC项目物资采购计划","1610B0220006","江苏淮安新城110kV变电站第三台主变扩建工程","1610B02200060120000000","淮安新城110kV变电站第三台主变扩建工程","(空)","16","110（66）KV项目（交流）","1602","110KV变电项目","新建","2023201001903021000007","","02","省网","","01","资本性","淮安","01","基建项目","02H0","淮安供电公司/国网",null,{"v":57,"d":"57.00"},{"v":57000,"d":"57,000.00"},"2025-03-03","材料站现场车板交货","","","","2024-07-22","2024-07-08","4560","15050813014","","","","","","","","","","0","9977-500142990-00003","通过","","","","","","","","","0",{"v":0,"d":"0.000"},"曹楷","丁一","","","成功"]
["false","2407H02135","黄骏","24","省-已审批-不平衡利库","","500142983","控制电缆,KVVP2,2.5,4,ZC,22","1","控制电缆,KVVP2,2.5,4,ZC,22","装置性材料","电缆","控制电缆","米","110kV","","G1404003","1",{"v":2000,"d":"2,000.000"},"15635719","20",null,"2024-08-26","2024-08-06",null,"2024-07-22","SG2409","国家电网有限公司2024年第六十九批采购（输变电项目第五次变电设备（含电缆）招标采购）","总部直接组织实施","招标采购","","ZPA","JSEPC项目物资采购计划","1610B0220006","江苏淮安新城110kV变电站第三台主变扩建工程","1610B02200060120000000","淮安新城110kV变电站第三台主变扩建工程","(空)","16","110（66）KV项目（交流）","1602","110KV变电项目","新建","2023201001903021000007","","02","省网","","01","资本性","淮安","01","基建项目","02H0","淮安供电公司/国网",null,{"v":15,"d":"15.00"},{"v":30000,"d":"30,000.00"},"2025-03-03","材料站现场车板交货","","","","2024-07-22","2024-07-08","4560","15050813014","","","","","","","","","","0","9977-500142983-00003","通过","","","","","","","","","0",{"v":0,"d":"0.000"},"曹楷","丁一","","","成功"]
["false","2407H02136","黄骏","24","省-已审批-不平衡利库","","500142974","控制电缆,KVVP2,2.5,10,ZC,22","1","控制电缆,KVVP2,2.5,10,ZC,22","装置性材料","电缆","控制电缆","米","110kV","","G1404003","1",{"v":2000,"d":"2,000.000"},"15635719","30",null,"2024-08-26","2024-08-06",null,"2024-07-22","SG2409","国家电网有限公司2024年第六十九批采购（输变电项目第五次变电设备（含电缆）招标采购）","总部直接组织实施","招标采购","","ZPA","JSEPC项目物资采购计划","1610B0220006","江苏淮安新城110kV变电站第三台主变扩建工程","1610B02200060120000000","淮安新城110kV变电站第三台主变扩建工程","(空)","16","110（66）KV项目（交流）","1602","110KV变电项目","新建","2023201001903021000007","","02","省网","","01","资本性","淮安","01","基建项目","02H0","淮安供电公司/国网",null,{"v":32,"d":"32.00"},{"v":64000,"d":"64,000.00"},"2025-03-03","材料站现场车板交货","","","","2024-07-22","2024-07-08","4560","15050813014","","","","","","","","","","0","9977-500142974-00004","通过","","","","","","","","","0",{"v":0,"d":"0.000"},"曹楷","丁一","","","成功"]
["false","2407H02137","黄骏","24","省-已审批-不平衡利库","","500142977","控制电缆,KVVP2,4,4,ZC,22","1","控制电缆,KVVP2,4,4,ZC,22","装置性材料","电缆","控制电缆","米","110kV","","G1404003","1",{"v":2500,"d":"2,500.000"},"15635719","40",null,"2024-08-26","2024-08-06",null,"2024-07-22","SG2409","国家电网有限公司2024年第六十九批采购（输变电项目第五次变电设备（含电缆）招标采购）","总部直接组织实施","招标采购","","ZPA","JSEPC项目物资采购计划","1610B0220006","江苏淮安新城110kV变电站第三台主变扩建工程","1610B02200060120000000","淮安新城110kV变电站第三台主变扩建工程","(空)","16","110（66）KV项目（交流）","1602","110KV变电项目","新建","2023201001903021000007","","02","省网","","01","资本性","淮安","01","基建项目","02H0","淮安供电公司/国网",null,{"v":21,"d":"21.00"},{"v":52500,"d":"52,500.00"},"2025-03-03","材料站现场车板交货","","","","2024-07-22","2024-07-08","4560","15050813014","","","","","","","","","","0","9977-500142977-00003","通过","","","","","","","","","0",{"v":0,"d":"0.000"},"曹楷","丁一","","","成功"]
["false","2407H02138","黄骏","24","省-已审批-不平衡利库","","500142993","控制电缆,KVVP2,4,10,ZC,22","1","控制电缆,KVVP2,4,10,ZC,22","装置性材料","电缆","控制电缆","米","110kV","","G1404003","1",{"v":500,"d":"500.000"},"15635719","50",null,"2024-08-26","2024-08-06",null,"2024-07-22","SG2409","国家电网有限公司2024年第六十九批采购（输变电项目第五次变电设备（含电缆）招标采购）","总部直接组织实施","招标采购","","ZPA","JSEPC项目物资采购计划","1610B0220006","江苏淮安新城110kV变电站第三台主变扩建工程","1610B02200060120000000","淮安新城110kV变电站第三台主变扩建工程","(空)","16","110（66）KV项目（交流）","1602","110KV变电项目","新建","2023201001903021000007","","02","省网","","01","资本性","淮安","01","基建项目","02H0","淮安供电公司/国网",null,{"v":48,"d":"48.00"},{"v":24000,"d":"24,000.00"},"2025-03-03","材料站现场车板交货","","","","2024-07-22","2024-07-08","4560","15050813014","","","","","","","","","","0","9977-500142993-00003","通过","","","","","","","","","0",{"v":0,"d":"0.000"},"曹楷","丁一","","","成功"]
["false","2407H02160","薛小川","24","省-已审批-不平衡利库","","500142996","控制电缆,KVVP2,6,4,ZC,22","1","控制电缆,KVVP2,6,4,ZC,22","装置性材料","电缆","控制电缆","米","220kV","","G1404003","1",{"v":500,"d":"500.000"},"15636208","10",null,"2024-08-26","2024-08-06",null,"2024-07-22","SG2409","国家电网有限公司2024年第六十九批采购（输变电项目第五次变电设备（含电缆）招标采购）","总部直接组织实施","招标采购","","ZPA","JSEPC项目物资采购计划","1510B021004A","江苏淮安水渡220kV变电站第3台主变扩建工程","1510B021004A0120000000","水渡220kV变电站第3台主变扩建工程","变电","15","220KV项目（交流）","1502","220KV变电项目","扩建","苏电发展可研批复〔2021〕23号","","01","国网","","01","资本性","淮安","01","基建项目","02H0","淮安供电公司/国网",null,{"v":30,"d":"30.00"},{"v":15000,"d":"15,000.00"},"2025-03-03","材料站现场车板交货","","","","2024-07-22","2024-07-09","13171747","15161748191","","","","","","","","","","0","9977-500142996-00003","通过","","","","","","","","","0",{"v":0,"d":"0.000"},"曹楷","丁一","","","成功"]
["false","2407H02161","何明成","15","市-退回","1","500014596","变电站支架,钢","11","材料材质中Q420B比例为0％","装置性材料","杆塔类","变电站支架","吨","35kV","","G1401009","1",{"v":0.5,"d":"0.500"},"15636209","10",{"$nulls":4},"2024-07-10","SG2409","国家电网有限公司2024年第六十九批采购（输变电项目第五次变电设备（含电缆）招标采购）","总部直接组织实施","招标采购","","ZPA","JSEPC项目物资采购计划","1710B021004M","江苏淮安马庄35千伏变电站改造工程","1710B021004M0120000000","马庄35千伏变电站改造工程","(空)","17","35KV项目","1701","35KV输变电项目","改造","2023201002505021000009","","02","省网","","01","资本性","淮安","01","基建项目","02H0","淮安供电公司/国网",null,{"v":10176,"d":"10,176.00"},{"v":5088,"d":"5,088.00"},"2025-03-03","材料站现场车板交货","","","","2024-07-09","2024-07-09","8389","19851760016","","","","","","","","","","0","9999-500014592-00001","通过","","","","","","","","","0",{"v":0,"d":"0.000"},"邱鹏","","","",""]